| 000 | 01674nam a2200313 a 4500 | ||
|---|---|---|---|
| 001 | Z_6525 | ||
| 003 | CHAP | ||
| 005 | 20250227144123.0 | ||
| 007 | ta | ||
| 008 | 220113s2005 mx gr 000 f spa d | ||
| 010 | _a169792 | ||
| 020 | _a970-633-015-1 | ||
| 040 |
_aZ _cCHAP |
||
| 082 |
_a891.863 _bK34 P76 2005 _220 |
||
| 100 | 1 |
_aKafka, Franz, 1883 -1924 _9145065 _eautor |
|
| 245 | 1 | 0 |
_aEl proceso / _cFranz Kafka; traducción María José de Chopitea |
| 260 |
_aMéxico : _bEdiciones Coyoacán, _c2005 |
||
| 300 | _a222 p. | ||
| 440 |
_a(Reino imaginario) _9145066 |
||
| 503 | _aej.1: consumo (no tiene sellos) | ||
| 520 | _aUna mañana, dos hombres vestidos con extravagantes uniformes tocan a la puerta del empleado bancario Josef K., vienen para arrestarle a nombre de un misterioso tribunal, y le notifican que enfrentará un proceso, aunque no le informan la culpa cometida. Pero podrá seguir ocupándose de sus asuntos y sólo de vez en cuando se le citará para que sea interrogado. Acude a las audiencias, celebradas en una miserable casa de unos obreros. Pronto desvía su atención del trabajo, tratando de hallar una manera de salvarse corre de un lado a otro buscando ayuda, pero esto sólo le deja claro el profundo aislamiento en que se encuentra en medio de una ciudad erigida como tribunal; todo mundo está enterado de su juicio descubriendo además que no hay ningún intermediario entre él y su proceso. | ||
| 534 |
_pTítulo original: _tDer prozess |
||
| 650 |
_aNovela checoslovaca _x Siglo XX _9145067 |
||
| 650 |
_aSituación legal _9145068 |
||
| 901 | _a891.863 K34 P76 | ||
| 902 | _aM | ||
| 910 | _a2005 | ||
| 942 |
_cLIBRO _2ddc |
||
| 999 |
_c169792 _d169792 |
||